000 00688nam a22002297a 4500
005 20170124110159.0
010 _aA-777162
020 _c00.00
_a8171547591
035 _aA-777162
037 _bCen Lib/Ret
040 _aDPL
_bEN
082 _a181.499
_bDHO
100 _aDhopeshwarkar, A.D.
_935730
245 _aJ. Krishnamurti and awareness in action /
_cby A.D. Dhopeshwarkar
260 _aBombay
_bPopular prakashan
270 _bBomaby
_a35-C, Pandit madan mohan malviya nagar
_e400034
300 _avi,164p.
_c19cm(Hb)
500 _aIncludes appendix
650 _aPhilosophy
_935731
650 _a Awareness
_935732
942 _2ddc
_cEN
_h181.499
_mDHO
999 _c132785
_d132785